Pharmacy practice and the law / (Record no. 13378)
[ view plain ]
| 000 -LEADER | |
|---|---|
| fixed length control field | 00983cam a2200277 a 4500 |
| 003 - CONTROL NUMBER IDENTIFIER | |
| control field | OSt |
| 005 - DATE AND TIME OF LATEST TRANSACTION | |
| control field | 20140310182432.0 |
| 008 - FIXED-LENGTH DATA ELEMENTS--GENERAL INFORMATION | |
| fixed length control field | 100123s2011 maua b 001 0 eng |
| 020 ## - INTERNATIONAL STANDARD BOOK NUMBER | |
| International Standard Book Number | 9780763781293 |
| 050 00 - LIBRARY OF CONGRESS CALL NUMBER | |
| Classification number | KF 2915 |
| Item number | .Ab154 2011 |
| 100 1# - MAIN ENTRY--PERSONAL NAME | |
| Personal name | Abood, Richard R. |
| 9 (RLIN) | 7612 |
| 245 10 - TITLE STATEMENT | |
| Title | Pharmacy practice and the law / |
| Statement of responsibility, etc | Richard R. Abood. |
| 250 ## - EDITION STATEMENT | |
| Edition statement | 6th ed. |
| 260 ## - PUBLICATION, DISTRIBUTION, ETC. (IMPRINT) | |
| Place of publication, distribution, etc | Sudbury, Mass. : |
| Name of publisher, distributor, etc | Jones and Bartlett Publishers, |
| Date of publication, distribution, etc | c2011. |
| 300 ## - PHYSICAL DESCRIPTION | |
| Extent | xiii, 458 p. : |
| Other physical details | ill. ; |
| Dimensions | 26 cm. |
| 650 #0 - SUBJECT ADDED ENTRY--TOPICAL TERM | |
| Topical term or geographic name as entry element | Pharmacists |
| General subdivision | Legal status, laws, etc. |
| Geographic subdivision | United States. |
| 9 (RLIN) | 7613 |
| 650 #0 - SUBJECT ADDED ENTRY--TOPICAL TERM | |
| Topical term or geographic name as entry element | Pharmacy |
| General subdivision | Law and legislation |
| Geographic subdivision | United States. |
| 9 (RLIN) | 7614 |
| 650 #0 - SUBJECT ADDED ENTRY--TOPICAL TERM | |
| Topical term or geographic name as entry element | Drugs |
| General subdivision | Law and legislation |
| Geographic subdivision | United States. |
| 9 (RLIN) | 7615 |
| 650 12 - SUBJECT ADDED ENTRY--TOPICAL TERM | |
| Topical term or geographic name as entry element | Legislation, Pharmacy |
| Geographic subdivision | United States. |
| 9 (RLIN) | 7616 |
| 650 22 - SUBJECT ADDED ENTRY--TOPICAL TERM | |
| Topical term or geographic name as entry element | Ethics, Pharmacy |
| Geographic subdivision | United States. |
| 9 (RLIN) | 7617 |
| 650 22 - SUBJECT ADDED ENTRY--TOPICAL TERM | |
| Topical term or geographic name as entry element | Legislation, Drug |
| Geographic subdivision | United States. |
| 9 (RLIN) | 7618 |
| 650 22 - SUBJECT ADDED ENTRY--TOPICAL TERM | |
| Topical term or geographic name as entry element | Liability, Legal |
| Geographic subdivision | United States. |
| 9 (RLIN) | 7619 |
| 942 ## - ADDED ENTRY ELEMENTS (KOHA) | |
| Source of classification or shelving scheme | Library of Congress Classification |
| Koha item type | |
| Withdrawn status | Lost status | Source of classification or shelving scheme | Damaged status | Home library | Current library | Shelving location | Date acquired | Total Checkouts | Full call number | Barcode | Date last seen | Copy number | Price effective from | Koha item type | Source of acquisition |
|---|---|---|---|---|---|---|---|---|---|---|---|---|---|---|---|
| Library of Congress Classification | South SEED-LPDH College Library | South SEED-LPDH College Library | South SEED-LPDH College Section | 07/05/2012 | KF 2915 .Ab154 2011 | SSLC0540 | 04/20/2017 | 1 | Books | ||||||
| Library of Congress Classification | South SEED-LPDH College Library | South SEED-LPDH College Library | South SEED-LPDH College Section | 08/08/2013 | KF 2915 .Ab154 2011 | SSLC0501 | 04/20/2017 | 2 | 08/08/2013 | Books | Donation |